| 000 | 00660cam a2200181 4500 | ||
|---|---|---|---|
| 001 | WS104718 | ||
| 008 | 000000n 000 0 eng u | ||
| 035 | _a(Sirsi) u104718 | ||
| 245 | _aEuropean Masonry Data Bank | ||
| 520 | _aAn online database for the support and co-operation of masonry related research and testing activities. It allows people to add details of their own research. | ||
| 650 | _aMASONRY | ||
| 650 | _aEUROPE | ||
| 650 | _aRESEARCH | ||
| 650 | _aINTERNATIONAL | ||
| 690 | _aBUILT ENVIRONMENT-BUILDING MATERIALS | ||
| 856 |
_uhttps://itc.fgg.uni-lj.si/emdb _zView the website free of charge at itc.fgg.uni-lj.si/emdb... |
||
| 942 | _n0 | ||
| 999 |
_c119450 _d119450 |
||